| 000 | 00898nam a2200241 a 4500 | ||
|---|---|---|---|
| 001 | 1544 | ||
| 003 | BR-CuiBMT | ||
| 005 | 20231214223259.0 | ||
| 008 | 231205s2010 dfb 000 0 por d | ||
| 040 |
_aBR-CuiBMT _cBR-CuiBMT |
||
| 080 |
_a821.134.3 _x(81)-82:056-262 _22007 |
||
| 090 |
_dBraile _a821.134.3(81)-82:056-262 _bA848v |
||
| 100 | 1 |
_aAssis, Machado de, _d1839-1908 |
|
| 245 | 1 | 2 |
_aO velho Senado / _cMachado de Assis. _h[braile]. |
| 260 |
_aBrasília : _bSenado Federal, _c2010. |
||
| 300 |
_a[56 p.] : _c28 cm |
||
| 500 | _aTranscrito em volume único para o sistema Braile pela Secretaria especial de editoração e publicações do Senado Federal. | ||
| 504 | _aInclui bibliografia. | ||
| 650 |
_aLiteratura brasileira _xAntologias _vBraile |
||
| 650 |
_aLiteratura Brasileira _xEducação de cegos _vBraile |
||
| 650 |
_aLiteratura brasileira _xCrônicas _vBraile |
||
| 942 |
_2udc _cLV |
||
| 999 |
_c1544 _d1544 |
||